Famous Deaths #1 - Statistics

General Stats
  • This quiz has been taken 484 times
    447 since last reset
  • The average score is 16 of 25
Answer Stats
Cause Date Person % Correct
3) Crucifixion 33, Jerusalem Jesus
99%
1) Stabbed to death 44 BC, Rome Julius Caesar
97%
2) Snake Bite/Suicide 30 BC, Egypt Cleopatra
93%
11) Shot in a theater 1865, Washington DC Abraham Lincoln
91%
17) Shot in motorcade 1963, Dallas John F Kennedy
88%
19) AIDS complications 1991, London Freddie Mercury
84%
7) Burned at the stake 1431, Rouen Joan of Arc
82%
25) Helicopter crash 2020, Calabasas Kobe Bryant
80%
20) Suicide 1994, Seattle Kurt Cobain
78%
24) Alcohol 2011, London Amy Winehouse
77%
23) Stingray barb 2006, Australia Steve Irwin
75%
4) Fever 632, Medina Muhammad
69%
21) Murder 1996, Las Vegas Tupac Shakur
69%
10) Shot in a duel 1804, New York Alexander Hamilton
67%
16) Car Crash on route 466 1955, California James Dean
64%
9) Acute Epiglottitis 1799, Mt Vernon George Washington
63%
18) Shot by father 1984, Los Angeles Marvin Gaye
53%
5) Killed in Battle of Hastings 1066, England Harold Godwinson
43%
13) Cardiovascular disease 1919, New York Theodore Roosevelt
43%
12) Gunshot wounds/battle 1876, Montana George Custer
38%
6) Dysentery 1216, Newark Castle King John
38%
22) Plane crash 2001, Bahamas Aaliyah
27%
14) ALS disease 1941, Riverdale, NY Lou Gehrig
22%
15) Cardiac Arrest/Pneumonia 1947, Miami Beach Al Capone
15%
8) Shot/stabbed in battle 1718, Ocracoke, NC Blackbeard
8%
No matching quizzes found
Score Distribution
Percent of People with Each Score
Percentile by Number Answered
Your Score History
You have not taken this quiz since the last reset